| 000 | 01369nam a2200229Ia 4500 | ||
|---|---|---|---|
| 003 | Ost | ||
| 005 | 20260507074953.0 | ||
| 008 | 260507s9999||||xx |||||||||||||| ||und|| | ||
| 040 | _cfsecg | ||
| 041 | _aara | ||
| 082 | _a658.8 | ||
| 100 |
_aالعبدلي، سمير عبد الرزاق _eمؤلف |
||
| 245 | 0 |
_aالترويج والاعلان / _c سمير عبد الرزاق العبدلي |
|
| 260 |
_aعمان: _bدار زهران للنشر والتوزيع, _c2006 |
||
| 300 |
_a244 صفحة؛ _bإيضاحات ؛ _c25 سم |
||
| 504 | _aببليوغرافيا:ص.442 -243 | ||
| 520 | _aالترويج وعناصره،نشأة وتطور الاعلان،وظائف وأهداف الإعلان،إدارة الإعلان،وكالات الإعلان،الوسائل الاعلانية،التخطيط للحملات الاعلانية،ميزانية الاعلان،العوامل المؤثرة على فاعلية الإعلان،تصميم الإعلان واخراجه،الأهمية الاقتصادية والاجتماعية للإعلان،الاعلان والسلوك الاستهلاكي،البيع الشخصي،ترويج المبيعات،الدعاية والعلاقات العامة | ||
| 653 | _aالاعلان | ||
| 653 | _aالتسويق | ||
| 700 |
_aالعبدلي، قحطان بدر _eمؤلف ثانوي |
||
| 942 | _cكتاب | ||
| 999 |
_c42007 _d42007 |
||